<?xml version="1.0" encoding="UTF-8"?>
<record
    xmlns:xsi="http://www.w3.org/2001/XMLSchema-instance"
    xsi:schemaLocation="http://www.loc.gov/MARC21/slim http://www.loc.gov/standards/marcxml/schema/MARC21slim.xsd"
    xmlns="http://www.loc.gov/MARC21/slim">

  <leader>00762nam a22001817a 4500</leader>
  <controlfield tag="003">IT-RoPau</controlfield>
  <controlfield tag="005">20220918181106.0</controlfield>
  <controlfield tag="008">130520b        xxu||||| |||| 00| 0 eng d</controlfield>
  <datafield tag="040" ind1=" " ind2=" ">
    <subfield code="c">IT-RoPau</subfield>
  </datafield>
  <datafield tag="100" ind1=" " ind2=" ">
    <subfield code="a">SSP Provincia Brasileira</subfield>
    <subfield code="9">566</subfield>
  </datafield>
  <datafield tag="245" ind1=" " ind2=" ">
    <subfield code="a">Vida Paulina</subfield>
    <subfield code="b">Boletim informativo da Prov&#xED;ncia paulina do Brasil</subfield>
  </datafield>
  <datafield tag="250" ind1=" " ind2=" ">
    <subfield code="a">1&#xB0; ed</subfield>
  </datafield>
  <datafield tag="260" ind1=" " ind2=" ">
    <subfield code="a">S&#xE3;o Paulo</subfield>
    <subfield code="b">SSP</subfield>
    <subfield code="c">1984</subfield>
  </datafield>
  <datafield tag="300" ind1=" " ind2=" ">
    <subfield code="a">13 pp.</subfield>
    <subfield code="c">22 cm</subfield>
  </datafield>
  <datafield tag="490" ind1=" " ind2=" ">
    <subfield code="a">Vida Paulina</subfield>
    <subfield code="v">n&#xB0; 2 - Ano IX - Abril-Julho de 1984</subfield>
  </datafield>
  <datafield tag="520" ind1=" " ind2=" ">
    <subfield code="a">Indice

Cap&#xED;tulo Provincial da Pia Sociedade de S&#xE3;o Paulo &#x2013; 18 /19/ 20-06-1984
Pastoral Vocacional e Forma&#xE7;&#xE3;o
Apostolado e Economia
Estatutos da Comiss&#xE3;o de Pastoral Vocacional e Forma&#xE7;&#xE3;o inicial
Estatutos da Comiss&#xE3;o de apostolado e economia</subfield>
  </datafield>
  <datafield tag="942" ind1=" " ind2=" ">
    <subfield code="2">ddc</subfield>
    <subfield code="c">CR</subfield>
  </datafield>
  <datafield tag="999" ind1=" " ind2=" ">
    <subfield code="c">98555</subfield>
    <subfield code="d">98555</subfield>
  </datafield>
  <datafield tag="952" ind1=" " ind2=" ">
    <subfield code="0">0</subfield>
    <subfield code="1">0</subfield>
    <subfield code="2">ddc</subfield>
    <subfield code="4">0</subfield>
    <subfield code="6">P_C8</subfield>
    <subfield code="7">1</subfield>
    <subfield code="a">PAULUS</subfield>
    <subfield code="b">PAULUS</subfield>
    <subfield code="d">2013-05-20</subfield>
    <subfield code="l">0</subfield>
    <subfield code="o">P C8</subfield>
    <subfield code="r">2013-05-20 00:00:00</subfield>
    <subfield code="w">2013-05-20</subfield>
    <subfield code="y">CR</subfield>
  </datafield>
</record>
